000 01076nmm a2200313 a 4500
001 ocm000621549
003 TR-IsHL
005 20201028130823.0
008 131010s2004 tu tur
007 cr cn
020 _a9789758070794
035 _a621549
_b(N$T)
050 0 4 _aDS155
_b.A53 2004
090 0 4 _aDS155
_b.A53 2004
245 1 0 _aAnadolu'da doğdu: 60. yaşında Fahri Işık'a armağan =
_bFestschrift für Fahri Işık zum 60. geburtstag
_h[electronic resource] /
_chaz. Taner Korkut, Havva İşkan, Gül Işın
250 _a1. bs.
260 _aİstanbul :
_bEge Yayınları,
_c2004
300 _a848 p.
650 4 _aMüze ve Kültürel Çalışmalar
650 4 _aMuseums and Cultural Works
650 0 _aIşık, Fahri
650 0 _aTürkiye
_x Eski Eserler
650 0 _aTurkey
_x Antiquities
650 7 _aSOCIAL SCIENCE / Archaeology
_2bisacsh
700 1 _aKorkut, Taner
700 1 _aİşkan, Havva
700 1 _aIşın, Gül
856 4 0 _uhttp://search.ebscohost.com/login.aspx?direct=true&scope=site&db=e011xww&AN=621549
999 _c4229
_d4229